Culture Générale - Série 2217 - Statistiques

Statistiques générales
  • Ce quiz a été pris 101 fois
  • Le résultat moyen est 4 sur 10
Statistiques - réponses
Question Réponse % Correct
De quel nombre la triskaïdékaphobie est-elle la peur ? 13
91%
De quel état des Etats Unis Montgomery est-il la capitale ? Alabama
51%
Quelle actrice a été la 1ère James Bond girl dans le film James Bond contre Dr No ? prénom et nom - voir photo Ursula Andress
47%
Quel est est le nom donné à l'auteur de grilles de mots croisés ? verbicruciste
37%
Dans quel pays est née le 19 mars 1936 la 1ère James Bond girl ? Suisse
32%
De quel état des Etats Unis Lansing est-il la capitale ? Michigan
30%
De quel état des Etats Unis Harrisburg est-il la capitale ? Pennsylvanie
30%
Qui a interprété la chanson Die Another Day pour le film Meurs un autre jour (James Bond) sorti en 2002 ? Madonna
16%
Comment appelle-t-on l’étude des drapeaux, pavillons et étendards ? vexillologie
11%
Comment appelle-t-on les filaments qui sortent de l’enveloppe des épis de maïs ? barbe
8%
Aucun quiz correspondant
Distribution des résultats
% des personnes avec chaque résultat
Percentile par nombre de réponses
Votre historique - résultats
Vous n’avez pas pris ce quiz